<?xml version="1.0" encoding="UTF-8"?>
<marc:record xmlns:marc="http://www.loc.gov/MARC21/slim">
   <marc:leader>00000nam a2200000 a 4500</marc:leader>
   <marc:datafield ind1="1" ind2=" " tag="100">
      <marc:subfield code="a">Sager, Riley</marc:subfield>
      <marc:subfield code="4">aut</marc:subfield>
      <marc:subfield code="e">Verfasser/-in</marc:subfield>
   </marc:datafield>
   <marc:datafield ind1="0" ind2="0" tag="245">
      <marc:subfield code="a">Schwarzer See</marc:subfield>
   </marc:datafield>
   <marc:datafield ind1="0" ind2="0" tag="245">
      <marc:subfield code="b">Thriller</marc:subfield>
   </marc:datafield>
   <marc:datafield ind1="0" ind2="0" tag="245">
      <marc:subfield code="c">Riley Sager</marc:subfield>
   </marc:datafield>
   <marc:datafield ind1=" " ind2="1" tag="264">
      <marc:subfield code="a">[München]</marc:subfield>
      <marc:subfield code="b">Dt. Taschenbuch-Verl. [u.a.]</marc:subfield>
      <marc:subfield code="c">2019</marc:subfield>
   </marc:datafield>
   <marc:datafield ind1="1" ind2=" " tag="520">
      <marc:subfield code="a">Emma Davis ist Ku¨nstlerin und steht am Beginn einer großen Karriere. Niemand ahnt, dass sie in ihren Bildern eine traumatische Erinnerung verarbeitet. Vor 15 Jahren hat sie im Sommercamp in den Wäldern am Lake Midnight etwas Furchtbares erlebt: Ihre drei Freundinnen verschwanden eines Nachts, man fand keinerlei Spuren. Jetzt kehrt Emma zuru¨ck an den schwarzen See. So schön die Umgebung, so beklemmend ist die Atmosphäre im Camp. Und dann scheint sich die Geschichte zu wiederholen: Erneut verschwinden drei Mädchen. Doch Emma ist fest entschlossen, sie zu finden - und endlich herauszubekommen, was damals geschah.</marc:subfield>
   </marc:datafield>
   <marc:datafield ind1=" " ind2=" " tag="020">
      <marc:subfield code="a">9783423218061</marc:subfield>
      <marc:subfield code="9">9783423218061</marc:subfield>
   </marc:datafield>
   <marc:datafield ind1=" " ind2=" " tag="020">
      <marc:subfield code="a">3423218061</marc:subfield>
      <marc:subfield code="9">3423218061</marc:subfield>
   </marc:datafield>
   <marc:datafield ind1=" " ind2=" " tag="500">
      <marc:subfield code="a">A.d. Amerikan.</marc:subfield>
   </marc:datafield>
   <marc:datafield ind1=" " ind2=" " tag="300">
      <marc:subfield code="a">412 S.</marc:subfield>
   </marc:datafield>
</marc:record>
